=LDR 00000nam 2200000 4500 =001 INLIS000000000010470 =005 20130612102130 =008 ***********************************Ind** =035 ##$$0010-061300000010470 =041 ##$$a Ind =082 ##$$a 347.030 4 =090 ##$$a 347.030 4, Mar p =100 ##$$a MARPAUNG, Leden =245 ##$$a Perumusan memori kasasi dan peninjauan kembali perkara pidana =260 ##$$a 2000 $b Jakarta =300 ##$$a viii, 256 hlm, 21 cm =650 ##$$a Kasasi dan Perkara Pidana =850 ##$$a NBPNMAT =990 ##$$a 0149/BPAP-NTB/2017